000 00300nam a2200133Ia 4500
005 20251222141759.0
008 251222s9999||||xx |||||||||||||| ||spa||
020 _a9972-606-18-X
082 _a869.56/A72
100 _aArias López, Adrián
245 0 _a26-10-2,028
264 _bCopé
942 _cLIB
999 _c6099
_d6099